Statistics for FRC Districts

Click here to take the quiz!

General Stats

  • This quiz has been taken 4 times
  • The average score is 6 of 11

Answer Stats

District% Correct
FIRST Indiana
100%
FIRST In Texas
100%
FIRST Chesapeake
67%
FIRST In Michigan
67%
FIRST Israel
67%
New England
67%
FIRST Mid-Atlantic
33%
Ontario
33%
Pacific Northwest
33%
Peachtree
33%
FIRST North Carolina
0%

Score Distribution

Percentile by Number Answered

Percent of People with Each Score

Your Score History

You have not taken this quiz